Bilecik Bilecik Bilecik Bilecik Bilecik

Halk kültürü ve edebiyatı sözlüğü/ (Record no. 9873)

MARC details
000 -BAŞLIK
Sabit Uzunluktaki Kontrol Alanı 01423nam a22003617a 4500
001 - KONTROL NUMARASI
Control Dosyası 0009901
003 - KONTROL NUMARASI KİMLİĞİ
Kontrol Alanı KOHA_MİRAKIL
005 - EN SON İŞLEM TARİHİ ve ZAMANI
Kontrol Alanı 20260207001726.0
007 - FİZİKSEL TANIM SABİT ALAN - GENEL BİLGİ
Sabit uzunluklu kontrol alanı ta
008 - SABİT UZUNLUKTAKİ VERİ ÖGELERİ - GENEL BİLGİ
Sabit Alan 091027b2005 tu |||grd|||#0|||1|tur |
020 ## - ISBN - ULUSLARARASI STANDART KİTAP NUMARASI
Isbn 975437132X
040 ## - KATALOGLAMA KAYNAĞI
Özgün Kataloglama Kurumu TR-BiSEU
Kataloglama Dili tur
Çeviri Kurumu TR-BiSEU
Açıklama Kuralları rda
041 0# - DİL KODU
Metin ya da ses kaydının dil kodu tur
044 ## - YAYINLAYAN/ÜRETEN KURULUŞUN ÜLKE KODU
ISO country code tu
050 ## - SINIFLAMA ve YER NUMARASI
Sınıflama Numarası PL202
Yer Numarası .E78 2005
100 1# - KİŞİ ADI
Yazar Adı (Kişi adı) Erşahin, İbrahim.
245 1# - ESER ADI BİLDİRİMİ
Başlık Halk kültürü ve edebiyatı sözlüğü/
Sorumluluk Bildirimi İbrahim Erşahin ; İbrahim Erşahin.
264 #1 - ÜRERİM, YAYIN, DAĞITIM ve TELİF BİLDİRİMİ
Yayın yeri İstanbul :
Yayınlayan Ötüken Neşriyat
Yayın tarihi 2005
300 ## - FİZİKSEL TANIMLAMA
Sayfa, Cilt vb. 306 sayfa
336 ## - İÇERİK TÜRÜ
Content type term metin
Content type code txt
Source rdacontent
337 ## - MEDYA TÜRÜ
Media type term aracısız
Media type code n
Source rdamedia
338 ## - TAŞIYICI TÜRÜ
Carrier type term cilt
Carrier type code nc
Source rdacarrier
490 1# - DİZİ BİLDİRİMİ
Dizi Bildirimi Yayın ;
Cilt Numarası nu 604.
490 1# - DİZİ BİLDİRİMİ
Dizi Bildirimi Kültür serisi ;
Cilt Numarası 279.
500 ## - GENEL NOT
Genel Not Kaynakça var.
505 ## - İÇİNDEKİLER NOTU
İçindekiler Notu "Halk: beraberce yaşayıp bir kültürü dokuya gelen insan kütlesi... Kültür: çeşitli ip, renk ve nakşıyla müşterek dokunmuş hayat kumaşı... Edebiyat: hem kültür kumaşının bir parçası, hem de onun bütününü "söz" ile tasvir eden resimler... Sözlük: bu güzelim resimlerin sergisi... Meraklılar, ilgililer, öğrenciler! Buyurun, gezin sergimizi! "
650 #0 - KONU BAŞLIĞI EK GİRİŞ - KONU TERİMİ
Konusal terim veya coğrafi ad Türk edebiyatı--Sözlükler.
9 (RLIN) 24458
650 #0 - KONU BAŞLIĞI EK GİRİŞ - KONU TERİMİ
Konusal terim veya coğrafi ad Folklor--Türkiye--Sözlükler.
9 (RLIN) 24459
830 1# - SERİ EK GİRİŞİ - TEKBİÇİM ESER ADI
Tekbiçim Başlık Yayın ;
Volume number/sequential designation nu 604.
9 (RLIN) 1557
830 1# - SERİ EK GİRİŞİ - TEKBİÇİM ESER ADI
Tekbiçim Başlık Kültür serisi ;
Volume number/sequential designation 279.
9 (RLIN) 5523
907 ## - LOCAL DATA ELEMENT G, LDG (RLIN)
a Sözlük
942 ## - EK GİRİŞ ÖGELERİ (KOHA)
Source of classification or shelving scheme Library of Congress Classification
Koha item type Book
505 ## - İÇİNDEKİLER NOTU
--
Holdings
Materyal Türü Kalıcı Konum Mevcut Konum Raf Yeri Koleksiyon Kodu Sınıflandırma Kaynağı Edinim Bilgisi Ana Konular Alt Konular Yer Numarası Demirbaş Numarası Fatura Tarihi Maliyet, Alış Fiyatı Maliyet, Yenileme Fiyatı Geri Çekilme Durumu Kayıp Durumu Hasarlı Durumu Kredi için değil Kayıt Tarih Toplam Ödünçverme Son Görülme Tarihi Son Kontrol Tarihi Genel / Bağış Notu
Danışma Kaynakları Prof. Dr. Azmi Özcan Kütüphanesi Prof. Dr. Azmi Özcan Kütüphanesi Birûni Salonu Referans Library of Congress Classification Bağış DİL VE EDEBİYAT Doğu Asya, Afrika, Okyanusya Dilleri ve Edebiyatları PL202 .E78 2005 0009901 13/08/2010 14.00 14.00       Ödünç verilmez 27/10/2009   05/12/2024 05/12/2024 Ötüken Yayınevi